[Event "26. Offene Hamburger SEM 2019 65+"]
[Site "Hamburg"]
[Date "2019.11.18"]
[Round "8.16"]
[White "Thomann, Reinhard"]
[Black "Behrensen, Joern"]
[Result "0-1"]
[WhiteElo "1050"]
[BlackElo "1544"]
[PlyCount "86"]
[EventDate "2019.??.??"]
[WhiteTeam "SchVgg Blankenese von 1923 eV"]
[BlackTeam "Hamburger SK von 1830 eV"]

{[%evp 0,86,19,31,47,-21,49,43,23,23,75,65,79,26,54,-23,-22,-109,-127,-116,-110,-171,-164,-223,-168,-161,-158,-162,-121,-132,-94,-114,-72,-123,-122,-121,-111,-114,-80,-149,-94,-166,-94,-109,-89,-89,-87,-112,-122,-156,-113,-135,-104,-103,-92,-114,-98,-105,-73,-87,-85,-105,-64,-98,-104,-104,-98,-104,-103,-106,-66,-191,-191,-187,-194,-216,-240,-240,-245,-255,-266,-277,-250,-287,-277,-371,-389,-514,-519]} 1. d4 e6 2. c4 f5 3. e3 Nf6 4. Bd3 c6 5. Nf3 d5 6. c5 Be7 7. Ne5 Nbd7 8. Nc3 Nxe5 9. dxe5 Ng4 10. h3 Nxe5 11. b4 O-O 12. Bb2 Nxd3+ 13. Qxd3 Bf6 14. O-O e5 15. Rad1 e4 16. Qe2 Qe8 17. a3 Qg6 18. Kh1 Bd7 19. f3 Qg3 20. Qf2 Bh4 21. Qxg3 Bxg3 22. f4 Be8 23. Rd2 Bh5 24. Kg1 Bh4 25. Ne2 Bxe2 26. Rxe2 Bf6 27. g3 Bxb2 28. Rxb2 Rf6 29. Kg2 h6 30. h4 h5 31. Rd2 a6 32. Rb2 Rb8 33. Rfb1 Kf7 34. a4 b6 35. a5 bxc5 36. bxc5 Rb5 37. Rxb5 cxb5 38. Rc1 Rc6 39. Kf2 Ke6 40. Ke2 Rc8 41. Kd2 Kd7 42. Rc3 Kc6 43. Kc2 b4 0-1

[Event "26. Offene Hamburger SEM 2019 65+"]
[Site "Hamburg"]
[Date "2019.11.18"]
[Round "8.17"]
[White "Heitsch, Karl-Wilhelm"]
[Black "Wichmann, Dieter"]
[Result "1/2-1/2"]
[WhiteElo "1492"]
[BlackElo "1458"]
[PlyCount "64"]
[EventDate "2019.??.??"]
[BlackTeam "Hamburger SK von 1830 eV"]

{[%evp 0,64,19,25,16,-14,3,5,-5,18,35,43,53,31,28,23,23,23,52,18,18,15,9,13,19,-5,-66,-59,-32,-69,-61,-80,-86,-155,-140,-105,-59,-88,-70,-74,-65,-70,-67,-112,-43,-208,-200,-216,-70,-70,-70,-70,-62,-62,-60,-60,-68,-61,-8,-53,-53,-53,-48,-45,-49,-51,-21]} 1. d4 d5 2. c4 e6 3. Nc3 Nf6 4. Nf3 Nbd7 5. e3 c6 6. a3 Be7 7. Bd3 O-O 8. O-O a6 9. cxd5 cxd5 10. Bd2 b5 11. b4 Bb7 12. Rc1 Nb6 13. Ne5 Bd6 14. f4 Nc4 15. Nxc4 dxc4 16. Bb1 Qb6 17. Be1 Nd5 18. Qe2 Qc6 19. Nxd5 Qxd5 20. Bc3 f5 21. Rf2 Rf6 22. e4 fxe4 23. Re1 Rxf4 24. Rxf4 Bxf4 25. Bxe4 Qxe4 26. Qxe4 Bxe4 27. Rxe4 Bg5 28. Rxe6 Bf6 29. Re4 Kf7 30. Kf2 Rd8 31. Kf3 Rd5 32. g4 g5 1/2-1/2

[Event "26. Offene Hamburger SEM 2019 65+"]
[Site "Hamburg"]
[Date "2019.11.18"]
[Round "8.18"]
[White "Kaiser, Guenther"]
[Black "Raedisch, Peter"]
[Result "1-0"]
[Annotator "DATA"]
[WhiteElo "1456"]
[BlackElo "1477"]
[PlyCount "81"]
[EventDate "2019.??.??"]
[WhiteTeam "SK Union Eimsbuettel eV"]
[BlackTeam "SF Hamburg eV 1934"]

{[%evp 0,65,19,32,32,-10,28,17,5,-27,-38,-41,-37,-67,-56,-63,-65,-147,-162,-168,-168,-161,-83,-128,-86,-81,-78,-74,-59,-73,-73,-81,-77,-78,-83,-60,72,-162,477,-278,-18,-349,-76,-62,-62,-293,-128,-232,66,66,486,-88,127,148,199,160,157,169,1237,1256,1256,1051,1065,930,1131,957,967,1177]} 1. d4 d5 2. c4 dxc4 3. Nc3 a6 4. a4 Nc6 5. e3 Na5 6. e4 e6 7. Be2 Nb3 8. Be3 Nxa1 9. Qxa1 Bb4 10. Bxc4 g6 (10... b6 11. f3 Nf6 12. Nge2 h6 13. O-O c6 14. Qe1 b5 15. Bb3 Bb7 16. Qg3 Kf8 17. Nf4 Rg8 18. Bxe6 fxe6) 11. f3 Nf6 12. Nge2 h6 13. O-O c6 14. Qe1 b5 15. Bb3 Bb7 16. Qg3 Kf8 17. Nf4 Rg8 18. Bxe6 fxe6 19. Nxg6+ Kg7 20. e5 Nd5 21. Nxd5 cxd5 22. h4 Qe8 23. h5 Rf8 24. Nxf8+ Kh8 25. Qg6 Qxf8 26. Qxe6 Qe7 27. Qb6 Rc8 28. axb5 Rc6 29. bxc6 Bc8 30. c7 a5 31. f4 Qd7 32. Qg6 Qe6 33. f5 Qxg6 34. hxg6 Kg8 35. Rc1 Kf8 36. Rc2 Ke7 37. Bd2 Kd7 38. Bxb4 axb4 39. g4 Ke7 40. Rc5 Kd7 41. Kf2 1-0

[Event "26. Offene Hamburger SEM 2019 65+"]
[Site "Hamburg"]
[Date "2019.11.18"]
[Round "8.19"]
[White "Paulsen, Helmut"]
[Black "Springer, Wolfgang Wilhelm"]
[Result "1-0"]
[WhiteElo "1450"]
[BlackElo "1245"]
[PlyCount "97"]
[EventDate "2019.??.??"]
[WhiteTeam "FC St Pauli 1910 eV SAbt"]
[BlackTeam "Hamburger SK von 1830 eV"]

{[%evp 0,97,19,-61,-61,-60,-67,-80,-68,-83,-16,-60,-58,-50,-42,-35,-31,-43,-48,-71,-71,-73,-28,-37,-11,-31,-24,-24,3,12,14,-33,0,-35,-14,-14,0,0,262,238,304,331,556,273,324,276,269,261,333,391,478,338,368,304,304,218,311,329,329,329,342,339,379,309,416,284,284,231,231,222,224,223,243,243,237,234,258,285,315,317,309,323,323,330,561,354,332,287,984,1010,1012,631,826,448,1022,1048,1077,355,1219,1197]} 1. b4 e5 2. Bb2 Bxb4 3. Bxe5 Nf6 4. e3 O-O 5. Nf3 d5 6. Be2 c5 7. O-O Nc6 8. Bc3 Re8 9. a3 Bxc3 10. Nxc3 Qe7 11. Re1 b6 12. d4 c4 13. Nd2 Be6 14. Bf3 Rad8 15. Ne2 b5 16. c3 Qd7 17. e4 Nxe4 18. Bxe4 f5 19. Bf3 Rf8 20. Nf4 Rde8 21. Nxe6 Rxe6 22. Rxe6 Qxe6 23. Qe2 Qd6 24. Re1 Nb8 25. Nb1 Nd7 26. Nd2 Nf6 27. Nb1 a6 28. Qe6+ Qxe6 29. Rxe6 Ne4 30. Bxe4 fxe4 31. Nd2 Kf7 32. Re5 Re8 33. Rxe8 Kxe8 34. Kf1 Kd7 35. Ke2 Kc6 36. f3 exf3+ 37. Nxf3 Kb6 38. Ng5 Ka5 39. Kd2 Ka4 40. Kc2 Kxa3 41. Ne6 a5 42. Nc7 b4 43. Nxd5 b3+ 44. Kb1 b2 45. Ne3 Kb3 46. Nd1 a4 47. Nxb2 a3 48. Nxc4 Kxc3 49. d5 1-0

[Event "26. Offene Hamburger SEM 2019 65+"]
[Site "Hamburg"]
[Date "2019.11.18"]
[Round "8.20"]
[White "Hinrichs, Winfried"]
[Black "Hofmeier, Arthur"]
[Result "0-1"]
[WhiteElo "1424"]
[BlackElo "1188"]
[PlyCount "142"]
[EventDate "2019.??.??"]
[WhiteTeam "Langenhorner SF 1928"]
[BlackTeam "Hamburger SK von 1830 eV"]

{[%evp 0,60,19,29,74,22,29,22,73,54,58,12,29,33,33,27,58,76,72,87,89,67,128,94,113,55,61,0,0,0,0,-12,21,-5,-22,-94,-31,-22,5,-20,0,3,74,80,63,63,88,67,68,61,77,70,67,77,67,63,132,12,154,61,177,117,113]} 1. e4 c6 2. d3 e5 3. Nd2 a6 4. Ngf3 d6 5. g3 Bg4 6. Bg2 Nd7 7. O-O Rb8 8. h3 Bh5 9. Nc4 b5 10. Ne3 Nb6 11. Qe1 f6 12. Nf5 Ne7 13. Be3 Nxf5 14. exf5 Be7 15. Nd2 d5 16. c3 Na4 17. Nb3 O-O 18. Qd2 Bf7 19. d4 e4 20. f3 Nb6 21. fxe4 Nc4 22. Qe2 Nxe3 23. Qxe3 dxe4 24. Bxe4 Qb6 25. Nc5 Bxc5 26. dxc5 Qc7 27. Qf3 Rbc8 28. b3 g6 29. Qg4 Kg7 30. fxg6 hxg6 31. Qf3 Bd5 32. Bxd5 cxd5 33. Qf2 Rce8 34. Rae1 Qd7 35. Rxe8 Qxe8 36. Re1 Qd7 37. Qg2 Rc8 38. b4 Rf8 39. Rd1 Rd8 40. Ra1 d4 41. Rd1 d3 42. g4 Qe6 43. Qf3 d2 44. Kf2 Qe5 45. Kg2 g5 46. Qf2 Qe4+ 47. Kg1 Rd3 48. Rxd2 Rxc3 49. Rd1 Rxh3 50. Rd7+ Kg8 51. Rd8+ Kf7 52. Rd7+ Ke8 53. Rd8+ Kxd8 54. Qxf6+ Qe7 55. Qb6+ Ke8 56. Qg6+ Qf7 57. Qc6+ Kf8 58. Qd6+ Kg7 59. c6 Rf3 60. Qe5+ Kh7 61. Qh2+ Kg6 62. Qh5+ Kf6 63. Qh8+ Kg6 64. Qh5+ Kg7 65. Qxg5+ Qg6 66. Qe7+ Rf7 67. Qe5+ Kg8 68. Qe8+ Kh7 69. Qe2 Qxc6 70. Qd3+ Qg6 71. Qh3+ Kg8 0-1

[Event "26. Offene Hamburger SEM 2019 65+"]
[Site "Hamburg"]
[Date "2019.11.18"]
[Round "8.21"]
[White "Wang, Huanying"]
[Black "Krueger, Dietrich"]
[Result "0-1"]
[Annotator "DATA"]
[WhiteElo "967"]
[BlackElo "1042"]
[PlyCount "74"]
[EventDate "2019.??.??"]
[WhiteTeam "Niendorfer TSV 1919 SAbt"]
[BlackTeam "Hamburger SK von 1830 eV"]

{[%evp 0,61,19,6,41,1,25,-41,-3,-4,27,-3,6,-1,32,8,32,7,30,37,40,40,40,36,39,5,24,-30,-45,-394,45,-563,-59,-602,-297,-294,-146,-440,7,-864,-111,-108,113,18,226,55,151,141,245,167,167,76,103,77,77,-161,20,28,30,-646,-675,-689,-610,-622]} 1. e4 Nc6 2. Bb5 a6 3. Ba4 e5 4. Nf3 d6 5. h3 Bd7 6. c3 g5 7. d3 Be7 8. Bc2 h5 9. Nbd2 g4 10. hxg4 Bxg4 11. Bb3 Qd7 12. Qc2 h4 13. Nh2 h3 14. Ndf1 f5 15. Ng3 O-O-O 16. a3 f4 17. Nxg4 fxg3 18. fxg3 Rf8 19. Bd2 Nf6 20. Ne3 Rh7 21. O-O-O Rg7 22. Be1 Nh5 23. Nf5 Rg5 24. Nxe7+ Qxe7 25. Qd2 Nxg3 26. Bxg3 Rxg3 27. Rhg1 Qg7 28. Be6+ Kb8 29. gxh3 Rxg1 30. Bf5 Rxd1+ 31. Qxd1 Ne7 32. Kc2 Nxf5 33. exf5 Rxf5 34. Kb3 Qf7+ 35. Kb4 d5 36. Qg4 Qe7+ 37. Ka4 c5 {Rest nicht lesbar} 0-1

[Event "26. Offene Hamburger SEM 2019 65+"]
[Site "Hamburg"]
[Date "2019.11.19"]
[Round "9.1"]
[White "Szenetra, Werner"]
[Black "Emami, Madjid"]
[Result "1-0"]
[WhiteElo "2133"]
[BlackElo "1907"]
[PlyCount "61"]
[EventDate "2019.??.??"]
[WhiteTeam "SV Berenbostel"]
[BlackTeam "Hamburger SK von 1830 eV"]

{[%evp 0,51,19,30,75,87,90,72,72,70,46,42,60,45,45,45,45,37,27,37,15,27,51,37,41,29,25,-17,-13,-20,22,-13,-4,-4,44,44,44,44,52,53,52,44,70,44,74,68,61,67,357,58,234,234,234,60]} 1. Nf3 d6 2. e4 g6 3. d4 Bg7 4. Bc4 Nf6 5. Nc3 O-O 6. O-O Nxe4 7. Nxe4 d5 8. Bd3 dxe4 9. Bxe4 Nd7 10. c3 Nf6 11. Bc2 b6 12. Ne5 Bb7 13. f4 e6 14. Qe2 Nd7 15. Be4 Bxe4 16. Qxe4 Nxe5 17. fxe5 Qd5 18. Qxd5 exd5 19. Bg5 h6 20. Bf6 Rfe8 21. a4 a6 22. Rf3 Re6 23. Raf1 a5 24. R1f2 c5 25. Bxg7 Kxg7 26. Rf6 c4 27. Kf1 Rxf6 28. Rxf6 Rb8 29. Rd6 b5 30. Rxd5 bxa4 31. Rxa5 1-0

[Event "26. Offene Hamburger SEM 2019 65+"]
[Site "Hamburg"]
[Date "2019.11.19"]
[Round "9.3"]
[White "Kreutzkamp, Hans-Rudolf"]
[Black "Stuhlmann, Alexander"]
[Result "0-1"]
[WhiteElo "1948"]
[BlackElo "1759"]
[PlyCount "100"]
[EventDate "2019.??.??"]
[WhiteTeam "SK Union Eimsbuettel eV"]
[BlackTeam "SK Johanneum Eppendorf"]

{[%evp 0,54,19,28,40,20,24,-31,-18,-25,-19,-26,-15,-14,35,-21,-19,-26,-34,-26,-46,-46,-48,-57,-33,-51,-17,-59,-35,-55,15,18,56,-56,-44,-56,-56,-56,-70,-178,-164,-241,-257,-259,-226,-263,-202,-260,-268,-245,-311,-371,-328,-409,-243,-493,-485]} 1. e4 c5 2. c4 Nc6 3. f4 g6 4. Nf3 Bg7 5. Nc3 e6 6. Be2 d6 7. O-O Nge7 8. d3 O-O 9. Be3 Nd4 10. Qd2 a6 11. Kh1 Rb8 12. Rac1 b5 13. Bd1 b4 14. Bxd4 cxd4 15. Ne2 e5 16. Qe1 f5 17. c5 fxe4 18. Bb3+ Kh8 19. cxd6 exf3 20. dxe7 fxg2+ 21. Kxg2 Qxe7 22. Ng3 Qb7+ 23. Kg1 Bh3 24. Rf2 Rxf4 25. Ne4 Rbf8 26. Rcc2 Qd7 27. Rce2 Qg4+ 28. Ng3 Rxf2 29. Rxf2 Rxf2 30. Qxf2 Qf4 31. Qxf4 exf4 32. Ne4 Bf8 33. Kf2 Bf5 34. Kf3 Bxe4+ 35. Kxe4 g5 36. Bd5 h6 37. Kxd4 Bg7+ 38. Kc4 Bxb2 39. Kxb4 g4 40. Bb7 f3 41. h3 h5 42. Kc4 a5 43. d4 Kg7 44. Be4 Kf6 45. hxg4 hxg4 46. Kd3 Kg5 47. Ke3 Bc1+ 48. Kf2 Kf4 49. Bd3 g3+ 50. Ke1 g2 0-1

[Event "26. Offene Hamburger SEM 2019 65+"]
[Site "Hamburg"]
[Date "2019.11.19"]
[Round "9.4"]
[White "Strampfer, Jens"]
[Black "Gollasch, Theo-Heinz"]
[Result "1-0"]
[WhiteElo "1926"]
[BlackElo "1944"]
[PlyCount "75"]
[EventDate "2019.??.??"]
[WhiteTeam "SC Roesselsprung eV"]
[BlackTeam "Hamburger SK von 1830 eV"]

{[%evp 0,58,19,-24,34,16,13,9,17,-2,13,11,13,-6,3,-17,-4,-30,17,16,22,-1,27,23,29,32,41,43,56,56,56,84,84,-119,64,61,55,42,100,83,83,128,151,151,167,139,120,132,138,215,835,146,397,263,362,371,371,355,507,149,106]} 1. b3 c5 2. e3 Nf6 3. Bb2 e6 4. f4 d5 5. Nf3 Be7 6. g3 Nc6 7. Bg2 O-O 8. d3 Qc7 9. Nbd2 Rd8 10. Qe2 a5 11. a4 b6 12. O-O Ba6 13. Ne5 Rac8 14. Nxc6 Qxc6 15. g4 Ne8 16. e4 dxe4 17. Nxe4 Qd7 18. f5 exf5 19. gxf5 f6 20. Qh5 Bd6 21. Nxd6 Qxd6 22. Rae1 Qf8 23. Re6 Rb8 24. Rfe1 Qf7 25. Qe2 h6 26. Re7 Qf8 27. Qe6+ Kh8 28. Bc1 Nd6 29. Bc6 Bc8 30. Qd5 Bb7 31. Bxb7 Nxb7 32. Qg2 Nd6 33. Qg6 Re8 34. R7e6 Rxe6 35. Rxe6 Re8 36. Rxd6 Re1+ 37. Kf2 Qe7 38. Rd8+ 1-0

[Event "26. Offene Hamburger SEM 2019 65+"]
[Site "Hamburg"]
[Date "2019.11.19"]
[Round "9.5"]
[White "Kornrumpf, Joachim"]
[Black "Hawranke, Dietrich"]
[Result "1/2-1/2"]
[WhiteElo "2054"]
[BlackElo "2044"]
[PlyCount "42"]
[EventDate "2019.??.??"]
[WhiteTeam "Preetzer TSV"]
[BlackTeam "Pinneberg SC 1932 eV"]

{[%evp 0,42,19,-12,56,46,35,1,2,-14,3,-42,-18,-18,-26,-50,4,-7,24,-15,-10,-3,-4,6,7,7,-2,-43,-26,-28,-21,-31,-35,-33,-33,-40,-32,-32,-33,-44,-41,-43,-9,-6,0]} 1. c4 g6 2. Nf3 Bg7 3. e3 Nf6 4. Be2 O-O 5. Qc2 d5 6. cxd5 Nxd5 7. a3 Nd7 8. O-O c6 9. Nc3 Nxc3 10. bxc3 Nc5 11. d4 Bf5 12. Qd1 Ne4 13. Qb3 Qb6 14. Qb2 Qa5 15. Qb4 Qc7 16. Bb2 c5 17. Qb3 Qb6 18. Qxb6 axb6 19. Rfd1 Rfc8 20. Bd3 cxd4 21. cxd4 Nd6 1/2-1/2

[Event "26. Offene Hamburger SEM 2019 65+"]
[Site "Hamburg"]
[Date "2019.11.19"]
[Round "9.6"]
[White "Porth, Hartmut"]
[Black "Ditmas, Hugh"]
[Result "1/2-1/2"]
[WhiteElo "1990"]
[BlackElo "1888"]
[PlyCount "108"]
[EventDate "2019.??.??"]
[WhiteTeam "SV Bargteheide"]
[BlackTeam "Bremer SG von 1877"]

{[%evp 0,70,19,29,46,36,27,6,42,-12,26,17,-11,1,2,-34,-31,-59,-28,-50,-29,-55,-60,-92,-97,-86,-127,-113,-65,-62,-60,-52,4,-17,-26,11,4,-21,-21,-19,-1,-35,-55,-23,-31,-24,0,0,0,12,2,5,7,-21,-8,-6,-1,0,21,-45,-32,-45,-3,-18,-24,-30,72,-12,3,97,97,113,142]} 1. e4 c5 2. f4 Nc6 3. Nf3 g6 4. d3 Bg7 5. Be2 d6 6. O-O Nf6 7. Qe1 O-O 8. Bd1 b6 9. Nbd2 Bb7 10. Nc4 d5 11. Ncd2 dxe4 12. dxe4 e5 13. f5 Bh6 14. fxg6 fxg6 15. c3 Kg7 16. Nc4 Bxc1 17. Rxc1 Qe7 18. Bc2 Rad8 19. Ne3 Ba6 20. Rf2 Bd3 21. Nd5 Nxd5 22. Bxd3 Nf4 23. Bf1 Nd3 24. Bxd3 Rxd3 25. Rd1 Rfd8 26. Rfd2 c4 27. Rxd3 Rxd3 28. Rxd3 cxd3 29. Qe3 Qd6 30. Kf1 Na5 31. b3 Nb7 32. Ke1 a5 33. Kd2 Qa3 34. Qxb6 Nc5 35. Qc7+ Kh6 36. Qxe5 Qb2+ 37. Ke3 Qe2+ 38. Kd4 Qf2+ 39. Kc4 Qxg2 40. Qf4+ g5 41. Qg3 Qxg3 42. hxg3 Nxe4 43. Kxd3 Nxg3 44. b4 axb4 45. cxb4 Nf5 46. Ke4 g4 47. Nd4 Ne7 48. b5 Nc8 49. Kf4 Nb6 50. Kxg4 Kg6 51. Ne2 Kf6 52. Nc3 Ke6 53. a4 Nc4 54. Kh5 Kd6 1/2-1/2

[Event "26. Offene Hamburger SEM 2019 65+"]
[Site "Hamburg"]
[Date "2019.11.19"]
[Round "9.7"]
[White "Neldner, Frank"]
[Black "Pfitzer, Norbert"]
[Result "0-1"]
[WhiteElo "1482"]
[BlackElo "1955"]
[PlyCount "90"]
[EventDate "2019.??.??"]
[WhiteTeam "Hamburger SK von 1830 eV"]
[BlackTeam "SV Backnang"]

{[%evp 0,78,19,28,71,63,74,58,85,94,72,62,75,73,65,38,81,44,35,22,22,-65,-66,-74,-74,-82,-63,-76,-88,-97,-70,-105,-66,-84,-71,-80,-85,-76,-88,-115,-127,-148,-134,-139,-115,-116,-84,-98,104,95,80,-94,-41,-40,0,-48,-68,-60,-35,-152,-149,-143,-131,-233,-233,-233,-250,-256,-219,-300,-294,-304,-326,-326,-287,-327,-333,-332,-333,-357,-383]} 1. e4 d6 2. d4 Nf6 3. Nc3 g6 4. Nf3 Bg7 5. Bc4 c6 6. O-O b5 7. Bd3 Qc7 8. Be3 O-O 9. Ne2 Nbd7 10. c4 bxc4 11. Bxc4 Nxe4 12. Rc1 Qb6 13. d5 c5 14. b3 Nef6 15. Ng3 Ng4 16. Bf4 Nde5 17. Nxe5 Nxe5 18. Re1 Bd7 19. Rc2 a5 20. Rce2 a4 21. Qd2 Rfe8 22. Bh6 Nxc4 23. bxc4 e5 24. Bxg7 Kxg7 25. Ne4 h6 26. f4 f5 27. Nf2 e4 28. Qc3+ Kf7 29. Re3 Qb4 30. Qc2 Rab8 31. a3 Qb2 32. Qxb2 Rxb2 33. Nd1 Rc2 34. R3e2 Rxc4 35. Ne3 Rc3 36. Rb2 Rb3 37. Rc2 Reb8 38. Nc4 Ke7 39. g4 Bb5 40. gxf5 gxf5 41. Ne3 Rg8+ 42. Kh1 Kf6 43. Ra2 Be8 44. Nc4 Bh5 45. h4 Rh3+ 0-1

[Event "26. Offene Hamburger SEM 2019 65+"]
[Site "Hamburg"]
[Date "2019.11.19"]
[Round "9.8"]
[White "Chmielewski, Axel"]
[Black "Schulz, Wolfgang"]
[Result "0-1"]
[WhiteElo "1746"]
[BlackElo "1907"]
[PlyCount "64"]
[EventDate "2019.??.??"]
[WhiteTeam "Volksdorfer SK 1948"]
[BlackTeam "Hamburger SK von 1830 eV"]

{[%evp 0,53,19,35,32,28,44,26,17,19,23,16,37,29,29,15,31,40,56,1,-20,-24,-20,-41,-26,-20,8,8,9,9,30,44,44,23,30,47,28,-12,-12,-103,-21,-34,-26,-122,-96,-124,-83,-115,-115,-115,-124,-151,-68,-184,-14,-77]} 1. d4 Nf6 2. Nf3 g6 3. g3 Bg7 4. Bg2 O-O 5. O-O d6 6. c4 Nc6 7. Nc3 a6 8. h3 Rb8 9. d5 Na5 10. Nd2 c5 11. Rb1 b5 12. b3 Nd7 13. Qc2 bxc4 14. bxc4 Nb6 15. Nd1 Bd7 16. Ne3 Na4 17. Rxb8 Qxb8 18. Qe4 Re8 19. Nb1 e6 20. Qd3 exd5 21. cxd5 c4 22. Qc2 Rc8 23. Nd1 c3 24. Bf4 Qb4 25. Ne3 Nc4 26. Qb3 Qc5 27. Rc1 Nxe3 28. Bxe3 Qc4 29. Qa3 Be5 30. Rc2 Bf5 31. Rc1 Rb8 32. f4 Bd4 0-1

[Event "26. Offene Hamburger SEM 2019 65+"]
[Site "Hamburg"]
[Date "2019.11.19"]
[Round "9.9"]
[White "Krotofil, Kurt"]
[Black "Tscherepanov, Leon"]
[Result "1-0"]
[WhiteElo "1756"]
[BlackElo "1732"]
[PlyCount "63"]
[EventDate "2019.??.??"]
[WhiteTeam "Niendorfer TSV 1919 SAbt"]
[BlackTeam "Hamburger SK von 1830 eV"]

{[%evp 0,63,19,31,44,0,-8,-6,40,26,6,-12,-4,16,126,141,166,144,144,144,144,154,157,168,168,154,226,243,237,245,247,247,247,247,247,243,243,143,174,174,174,124,281,247,329,329,331,331,299,305,344,338,335,335,335,335,366,412,435,457,458,479,486,483,483,448]} 1. d4 e6 2. c4 d5 3. Nc3 c6 4. Bf4 dxc4 5. e3 b5 6. a4 Bb4 7. axb5 cxb5 8. Qf3 Qd5 9. Qg3 Ne7 10. Bxb8 Nf5 11. Qc7 O-O 12. Be2 Qb7 13. Bf3 Qxb8 14. Qc6 e5 15. Qxa8 Qxa8 16. Bxa8 exd4 17. exd4 Nxd4 18. Rxa7 Re8+ 19. Kd1 Rd8 20. Bd5 Nb3 21. Nge2 Bxc3 22. Nxc3 b4 23. Ke2 Nd4+ 24. Ke3 Nc2+ 25. Kf3 bxc3 26. Bxf7+ Kf8 27. bxc3 Rd3+ 28. Kf4 Rxc3 29. Rb1 Rb3 30. Rxb3 cxb3 31. Bxb3 Nd4 32. Bd5 1-0

[Event "26. Offene Hamburger SEM 2019 65+"]
[Site "Hamburg"]
[Date "2019.11.19"]
[Round "9.10"]
[White "Behrensen, Joern"]
[Black "Marquardt, Rolf"]
[Result "1/2-1/2"]
[WhiteElo "1544"]
[BlackElo "1632"]
[PlyCount "113"]
[EventDate "2019.??.??"]
[WhiteTeam "Hamburger SK von 1830 eV"]
[BlackTeam "Langenhorner SF 1928"]

{[%evp 0,80,19,31,14,30,27,19,40,23,41,36,62,18,59,33,38,27,32,54,38,27,29,26,26,24,23,28,32,9,22,18,41,23,27,-2,32,23,41,52,59,23,19,20,19,24,24,26,34,0,-11,5,75,60,110,110,102,96,96,106,106,96,96,106,108,100,95,92,86,88,100,117,117,136,137,117,146,104,52,32,17,26,78]} 1. d4 Nf6 2. Nf3 d5 3. e3 Bf5 4. c4 c6 5. cxd5 Nxd5 6. Nc3 Nf6 7. Qb3 Qb6 8. Bc4 Qxb3 9. Bxb3 e6 10. O-O Nbd7 11. Re1 Bb4 12. Bd2 O-O 13. a3 Ba5 14. Ba2 Bxc3 15. Bxc3 Be4 16. Bb1 Bxb1 17. Rexb1 Nd5 18. Bd2 f6 19. e4 N5b6 20. Bb4 Rfe8 21. b3 e5 22. dxe5 Nxe5 23. Nxe5 Rxe5 24. Re1 Rae8 25. f3 R5e6 26. Rad1 f5 27. exf5 Rxe1+ 28. Rxe1 Rxe1+ 29. Bxe1 Nd5 30. Bd2 Kf7 31. g4 b5 32. b4 Nb6 33. Kf2 Nc4 34. Bc1 a5 35. Ke2 axb4 36. axb4 Kf6 37. f4 h6 38. h4 h5 39. Kf3 hxg4+ 40. Kxg4 Nd6 41. Bb2+ Kf7 42. h5 Ne4 43. Bd4 Nf6+ 44. Kg5 Nh7+ 45. Kh4 Nf6 46. Be5 Ne4 47. h6 gxh6 48. Kh5 Ng3+ 49. Kxh6 Nxf5+ 50. Kg5 Ne3 51. f5 Nd5 52. Bd6 Nb6 53. Bc5 Nd5 54. Bd6 Nf6 55. Kf4 Nd7 56. Ke4 Kf6 57. Kf4 1/2-1/2

[Event "26. Offene Hamburger SEM 2019 65+"]
[Site "Hamburg"]
[Date "2019.11.19"]
[Round "9.11"]
[White "Eberhardt, Michael"]
[Black "Schmeichel, Wolfgang"]
[Result "1-0"]
[Annotator "DATA"]
[WhiteElo "1487"]
[BlackElo "1563"]
[PlyCount "54"]
[EventDate "2019.??.??"]
[WhiteTeam "SC Agon Neumuenster"]
[BlackTeam "SF Wedel eV"]

{[%evp 0,27,32,36,77,41,41,26,93,41,41,23,38,-19,-9,-6,-21,-23,-2,-2,-5,-5,20,-5,145,94,94,86,85,85]} 1. d4 c5 2. e3 e6 3. Bd3 Qg5 4. Bf1 d5 5. Nf3 Qd8 6. c3 Nf6 7. Bd3 Nc6 8. Nbd2 Qc7 9. O-O Bd6 10. dxc5 Bxc5 11. e4 d4 12. cxd4 Nxd4 13. Nxd4 Bxd4 14. Nf3 Bb6 15. Bg5 O-O 16. Rc1 Qd7 17. Qe2 Rd8 18. Rfd1 Ng4 19. Bxd8 Qxd8 20. Rf1 Bd7 21. h3 Nxf2 22. Rxf2 Rc8 23. Re1 Bc6 24. Kf1 Bxf2 25. Kxf2 Qb6+ 26. Kf1 Rd8 27. Ne5 Be8 1-0

[Event "26. Offene Hamburger SEM 2019 65+"]
[Site "Hamburg"]
[Date "2019.11.19"]
[Round "9.12"]
[White "Kaiser, Guenther"]
[Black "Frackowiak, Stanislaw"]
[Result "0-1"]
[Annotator "DATA"]
[WhiteElo "1456"]
[BlackElo "1550"]
[PlyCount "68"]
[EventDate "2019.??.??"]
[WhiteTeam "SK Union Eimsbuettel eV"]
[BlackTeam "Hamburger SK von 1830 eV"]

{[%evp 0,68,19,31,14,-21,-20,-3,-4,6,36,53,45,30,53,54,46,19,72,-12,-11,-15,3,3,3,3,3,-82,-69,-67,-38,-38,-44,-37,-22,-189,-206,-207,-193,-187,-168,-195,-195,-219,-219,-219,-219,-238,-240,-240,-242,-252,-242,-288,-247,-297,-297,-297,-235,-470,-289,-289,-265,-276,-257,-314,-212,-419,-436,-440,-439]} 1. d4 Nf6 2. c4 e6 3. Nc3 d5 4. Nf3 c6 5. e3 Bd6 6. Bd3 Nbd7 7. O-O O-O 8. Re1 Re8 9. h3 e5 10. dxe5 Nxe5 11. cxd5 Nxd3 12. Qxd3 Nxd5 13. Kf1 Nxc3 14. Qxc3 Qc7 15. b3 f6 16. Bb2 a5 17. Rac1 Bb4 18. Qc2 Bxe1 19. Rxe1 b6 20. Kg1 c5 21. Rc1 Bb7 22. Qc4+ Qf7 23. Qxf7+ Kxf7 24. Nd2 Bd5 25. Nc4 Bxc4 26. Rxc4 Rad8 27. Rc2 Rd1+ 28. Kh2 Red8 29. Rc3 Rb1 30. Rc2 Rdd1 31. h4 h6 (31... h5 32. Kg3) 32. g3 (32. Kg3) 32... b5 33. Bc3 Rbc1 34. Rxc1 Rxc1 0-1

[Event "26. Offene Hamburger SEM 2019 65+"]
[Site "Hamburg"]
[Date "2019.11.19"]
[Round "9.13"]
[White "Geissler, Karl-Heinz"]
[Black "Heitsch, Karl-Wilhelm"]
[Result "0-1"]
[WhiteElo "1504"]
[BlackElo "1492"]
[PlyCount "79"]
[EventDate "2019.??.??"]
[WhiteTeam "Mummelmannsberger SV"]

{[%evp 0,79,19,31,25,32,25,19,19,5,6,1,-6,-23,4,-7,-10,-41,-41,-67,-65,-66,-60,-70,-78,-70,-70,-70,-70,-131,-58,-118,-85,-148,-97,-167,-159,-212,-196,-242,-229,-250,-258,-259,-255,-252,-209,-224,-195,-206,-217,-194,-193,-226,-170,-205,-194,-233,-163,-267,-256,-259,-206,-252,-246,-286,-286,-323,-330,-333,-329,-332,-290,-351,-347,-402,-402,-402,-369,-424,-379,-453]} 1. d4 Nf6 2. Nf3 e6 3. e3 d5 4. Be2 Nbd7 5. Nbd2 c5 6. c3 a6 7. dxc5 Nxc5 8. c4 dxc4 9. Bxc4 b5 10. Be2 Nd3+ 11. Bxd3 Qxd3 12. Qe2 Qxe2+ 13. Kxe2 Bb7 14. Re1 Bd6 15. h3 O-O 16. Kf1 Ne4 17. b3 Bb4 18. Nxe4 Bxe1 19. Kxe1 Bxe4 20. Bb2 Rfd8 21. Bd4 f6 22. Ke2 Bxf3+ 23. Kxf3 e5 24. Bb6 Rd7 25. b4 Rc8 26. Bc5 f5 27. Ke2 Kf7 28. Kf3 g5 29. g3 e4+ 30. Ke2 h5 31. Rb1 Rd3 32. Rb3 Rxb3 33. axb3 a5 34. Kd2 axb4 35. Bxb4 Ke6 36. Kd1 Ra8 37. Bc3 Ra2 38. Ke1 Rc2 39. Bd4 Rc1+ 40. Ke2 0-1